[Event "(GER-ch) Internationa06 DSB Mephisto GM"]
[Site "Hannover"]
[Date "1983.08.17"]
[Round "10"]
[White "Balashov, Yuri S"]
[Black "Pfleger, Helmut"]
[Result "1-0"]
[WhiteElo "2540"]
[BlackElo "2505"]
[PlyCount "61"]
[EventDate "1983.08.05"]
[EventType "tourn"]
[EventRounds "15"]
[EventCountry "GER"]
[EventCategory "9"]
[SourceTitle "MCL"]
[Source "ChessBase"]
[SourceDate "1999.07.01"]
[SourceVersion "1"]
[SourceVersionDate "1999.07.01"]
[SourceQuality "1"]

1. e4 d6 2. d4 Nf6 3. Nc3 g6 4. f4 Bg7 5. Nf3 O-O 6. Bd3 Nc6 7. O-O Bg4 8. e5
dxe5 9. dxe5 Nd5 10. h3 Nxc3 11. bxc3 Bf5 12. Be3 Qd7 13. Qe2 Rfd8 14. Rad1
Bxd3 15. cxd3 b5 16. Bc5 Qd5 17. d4 Rab8 18. Rde1 e6 19. Ng5 Qd7 20. Rd1 a5 21.
Qf2 h6 22. Ne4 Qd5 23. Qe2 a4 24. a3 Qd7 25. g4 Ne7 26. Rd3 Nd5 27. Rg3 Kh7 28.
f5 gxf5 29. gxf5 exf5 30. Qh5 f4 31. Rg4 1-0

[Event "URS-ch51 Otborochny"]
[Site "Minsk"]
[Date "1983.09.??"]
[Round "?"]
[White "Balashov, Yuri S"]
[Black "Anikaev, Yuri N"]
[Result "1-0"]
[WhiteElo "2540"]
[BlackElo "2460"]
[PlyCount "75"]
[EventDate "1983.09.??"]
[EventType "tourn"]
[EventRounds "17"]
[EventCountry "URS"]
[EventCategory "8"]
[SourceTitle "MCD"]
[Source "ChessBase"]
[SourceDate "1999.07.01"]
[SourceVersion "1"]
[SourceVersionDate "1999.07.01"]
[SourceQuality "1"]

1. e4 c5 2. Nc3 d6 3. g3 Nc6 4. Bg2 g6 5. d3 Bg7 6. Nge2 e6 7. O-O Nge7 8. Bg5
O-O 9. Qd2 f6 10. Be3 e5 11. f4 Nd4 12. Rf2 Be6 13. Raf1 Qd7 14. Nc1 Rac8 15.
N3e2 b6 16. b3 f5 17. fxe5 dxe5 18. Nc3 Rf7 19. Bh6 Rcf8 20. Bxg7 Kxg7 21. exf5
gxf5 22. Nd1 Ng6 23. c3 Nc6 24. Ne2 e4 25. Nf4 Nxf4 26. Qxf4 Qxd3 27. Rd2 Qa6
28. Ne3 Qc8 29. h4 h6 30. h5 Rf6 31. Rd6 Nd8 32. Rd2 Nc6 33. Rfd1 Qe8 34. Rd6
Bc8 35. Rxf6 Rxf6 36. Rd6 Qe5 37. Rxf6 Qxf4 38. Rg6+ 1-0

[Event "URS-ch51 Otborochny"]
[Site "Minsk"]
[Date "1983.09.??"]
[Round "?"]
[White "Balashov, Yuri S"]
[Black "Vyzmanavin, Alexey"]
[Result "1-0"]
[WhiteElo "2540"]
[BlackElo "2480"]
[PlyCount "64"]
[EventDate "1983.09.??"]
[EventType "tourn"]
[EventRounds "17"]
[EventCountry "URS"]
[EventCategory "8"]
[SourceTitle "MCD"]
[Source "ChessBase"]
[SourceDate "1999.07.01"]
[SourceVersion "1"]
[SourceVersionDate "1999.07.01"]
[SourceQuality "1"]

1. e4 c6 2. d4 d5 3. Nd2 dxe4 4. Nxe4 Nd7 5. Bc4 Ngf6 6. Ng5 e6 7. Qe2 Nb6 8.
Bb3 h6 9. N5f3 a5 10. a3 a4 11. Ba2 c5 12. c3 Ra5 13. Be3 Nbd5 14. Ne5 cxd4 15.
cxd4 Bd7 16. Nxd7 Qxd7 17. Bd2 Ra8 18. Nf3 b5 19. Ne5 Qb7 20. Bb1 Bd6 21. Bd3
Rb8 22. O-O O-O 23. Rac1 Ne7 24. Ng4 Nxg4 25. Qxg4 f5 26. Qe2 Rf6 27. Rfe1 Rg6
28. g3 Qd5 29. Bc3 Nc6 30. Rcd1 Bc7 31. Rd2 Bf4 32. Rdd1 Bc7 1-0

[Event "URS-ch51 First League"]
[Site "Tallinn"]
[Date "1983.12.??"]
[Round "?"]
[White "Balashov, Yuri S"]
[Black "Petrushin, Alexander I"]
[Result "1-0"]
[WhiteElo "2540"]
[BlackElo "2415"]
[PlyCount "155"]
[EventDate "1983.12.??"]
[EventType "tourn"]
[EventRounds "17"]
[EventCountry "URS"]
[EventCategory "9"]
[SourceTitle "MCL"]
[Source "ChessBase"]
[SourceDate "1999.07.01"]
[SourceVersion "1"]
[SourceVersionDate "1999.07.01"]
[SourceQuality "1"]

1. e4 c5 2. Nf3 d6 3. d4 cxd4 4. Nxd4 Nf6 5. Nc3 a6 6. Be2 e5 7. Nb3 Be7 8. O-O
Be6 9. f4 Qc7 10. a4 Nbd7 11. Kh1 O-O 12. f5 Bc4 13. Bg5 h6 14. Bh4 Rfe8 15.
Rf3 Rad8 16. Nd2 Bxe2 17. Qxe2 Rc8 18. a5 Qc6 19. Ra4 Nc5 20. Rc4 b5 21. axb6
Qxb6 22. Bxf6 Bxf6 23. b3 Nd7 24. Rxc8 Rxc8 25. Nc4 Qc5 26. Rd3 Rc6 27. g3 Be7
28. Nd5 Bd8 29. Rd1 Kf8 30. Ra1 Qb5 31. Kg2 Nf6 32. Nxf6 Bxf6 33. Qd2 Qb8 34.
Ra5 Qc7 35. Qd5 Bd8 36. Ra1 Kg8 37. h4 Be7 38. Kh3 Qc8 39. Qd3 Kf8 40. Rd1 Ke8
41. Rd2 Kf8 42. Qe2 Qb8 43. Ne3 Bd8 44. Rd1 Qc8 45. Nc4 Be7 46. Rd5 Qc7 47. Qd2
Kg8 48. Ne3 Qa7 49. Kg2 Qb7 50. Kf3 Qc8 51. Rd3 Kf8 52. b4 Kg8 53. Nd5 Bd8 54.
Rc3 Kh7 55. Qd3 Qb7 56. Ra3 h5 57. Kg2 Qc8 58. c3 Rc4 59. Qe2 Kg8 60. Ra1 Qc6
61. Qd3 Qb5 62. Kh3 Qc6 63. Qf3 Qb5 64. Qd3 Qc6 65. Re1 g6 66. Rf1 Kg7 67. fxg6
fxg6 68. Kh2 a5 69. Qf3 Qe8 70. Qe2 Rc8 71. bxa5 Rc5 72. a6 Ra5 73. Rb1 Qa4 74.
Rb7+ Kh6 75. Qe3+ g5 76. hxg5+ Bxg5 77. Qf3 Qe8 78. Qf5 1-0

[Event "URS-chT Cup 13th"]
[Site "Kiev"]
[Date "1984.05.15"]
[Round "1"]
[White "Balashov, Yuri S"]
[Black "Gurgenidze, Bukhuti"]
[Result "1-0"]
[WhiteElo "2535"]
[BlackElo "2470"]
[PlyCount "47"]
[EventDate "1984.05.14"]
[EventType "team-tourn"]
[EventRounds "7"]
[EventCountry "URS"]
[SourceTitle "EXT 2020"]
[Source "ChessBase"]
[SourceDate "2019.10.17"]
[SourceVersion "1"]
[SourceVersionDate "2019.10.17"]
[SourceQuality "1"]
[WhiteTeam "Burevestnik"]
[BlackTeam "The Rural Societies"]
[WhiteTeamCountry "URS"]
[BlackTeamCountry "URS"]

1. d4 d5 2. c4 dxc4 3. e3 g6 4. Bxc4 Bg7 5. Nf3 Nh6 6. e4 O-O 7. Nc3 Bg4 8. Be3
Kh8 9. Qd2 Bxf3 10. gxf3 Ng8 11. O-O-O Nd7 12. h4 Ndf6 13. Kb1 c6 14. Ne2 Nh5
15. Ng3 Nxg3 16. fxg3 Qc7 17. h5 Qxg3 18. Qe2 b5 19. Bb3 c5 20. Rdg1 Qc7 21.
Qg2 g5 22. h6 Nxh6 23. Qxg5 Rg8 24. Bxf7 1-0

[Event "Helsinki"]
[Site "Helsinki"]
[Date "1984.??.??"]
[Round "?"]
[White "Balashov, Yuri S"]
[Black "Ornstein, Axel"]
[Result "1-0"]
[WhiteElo "2535"]
[BlackElo "2405"]
[PlyCount "47"]
[EventDate "1984.06.??"]
[EventType "tourn"]
[EventRounds "9"]
[EventCountry "FIN"]
[EventCategory "8"]
[SourceTitle "MCL"]
[Source "ChessBase"]
[SourceDate "1999.07.01"]
[SourceVersion "1"]
[SourceVersionDate "1999.07.01"]
[SourceQuality "1"]

1. d4 Nf6 2. c4 e6 3. Nc3 Bb4 4. e3 c5 5. Bd3 Nc6 6. a3 Bxc3+ 7. bxc3 d6 8. Ne2
Qc7 9. e4 Bd7 10. O-O O-O-O 11. f4 e5 12. d5 Ne7 13. fxe5 dxe5 14. Bg5 Neg8 15.
a4 h6 16. Bh4 Bg4 17. h3 Bxe2 18. Qxe2 Kb8 19. a5 g5 20. Bg3 Ne8 21. Rxf7 Qxf7
22. Bxe5+ Nc7 23. Bxh8 Ne7 24. Rf1 1-0

[Event "Helsinki"]
[Site "Helsinki"]
[Date "1984.??.??"]
[Round "?"]
[White "Balashov, Yuri S"]
[Black "Pirttimaki, Timo"]
[Result "1-0"]
[WhiteElo "2535"]
[BlackElo "2355"]
[PlyCount "76"]
[EventDate "1984.06.??"]
[EventType "tourn"]
[EventRounds "9"]
[EventCountry "FIN"]
[EventCategory "8"]
[SourceTitle "MCL"]
[Source "ChessBase"]
[SourceDate "1999.07.01"]
[SourceVersion "1"]
[SourceVersionDate "1999.07.01"]
[SourceQuality "1"]

1. e4 c5 2. d3 Nc6 3. f4 e6 4. Nf3 d5 5. Be2 dxe4 6. dxe4 Qxd1+ 7. Bxd1 b6 8.
c3 Bb7 9. Nbd2 Bd6 10. g3 Bc7 11. O-O Nf6 12. Re1 O-O 13. Bc2 Rfd8 14. e5 Nd5
15. Ne4 Na5 16. Kg2 Bc6 17. b3 b5 18. Bd2 Nb7 19. Re2 Bb6 20. Rae1 a5 21. Rb1
Rd7 22. a3 Ba7 23. Be1 c4 24. Bf2 cxb3 25. Bxb3 Ne3+ 26. Bxe3 Bxe4 27. Rbb2 Rd3
28. Bc2 Bxf3+ 29. Kxf3 Rxc3 30. Be4 Rb8 31. Rxb5 Nc5 32. Rxa5 Nxe4 33. Rxa7 f5
34. exf6 Nxf6 35. Kg2 Rbb3 36. Bd4 Rxa3 37. Re7 Rc6 38. Rb2 Ra8 1-0

[Event "URS-chT Republics 17th final"]
[Site "Volgograd"]
[Date "1985.01.17"]
[Round "3"]
[White "Balashov, Yuri S"]
[Black "Sideif Sade, Fikret Israfil O"]
[Result "1-0"]
[WhiteElo "2495"]
[BlackElo "2340"]
[PlyCount "41"]
[EventDate "1985.01.15"]
[EventType "team-swiss"]
[EventRounds "7"]
[EventCountry "URS"]
[SourceTitle "EXT 2020"]
[Source "ChessBase"]
[SourceDate "2019.10.17"]
[SourceVersion "1"]
[SourceVersionDate "2019.10.17"]
[SourceQuality "1"]
[WhiteTeam "Moscow"]
[BlackTeam "Azerbaijan"]
[WhiteTeamCountry "URS"]
[BlackTeamCountry "AZE"]

1. e4 c5 2. Nf3 e6 3. Nc3 Nc6 4. d4 cxd4 5. Nxd4 a6 6. Be3 Qc7 7. Bd3 Bd6 8.
Nxc6 bxc6 9. Qg4 Be5 10. f4 h5 11. Qf3 Bxc3+ 12. bxc3 Nf6 13. e5 Nd5 14. O-O
Nxe3 15. Qxe3 g6 16. Rab1 Qa5 17. c4 O-O 18. f5 exf5 19. Rxf5 d6 20. e6 Qc3 21.
Rxf7 1-0

[Event "URS-chT Republics 17th final"]
[Site "Volgograd"]
[Date "1985.01.18"]
[Round "4"]
[White "Rozentalis, Eduardas"]
[Black "Balashov, Yuri S"]
[Result "0-1"]
[WhiteElo "2490"]
[BlackElo "2495"]
[PlyCount "82"]
[EventDate "1985.01.15"]
[EventType "team-swiss"]
[EventRounds "7"]
[EventCountry "URS"]
[SourceTitle "EXT 2020"]
[Source "ChessBase"]
[SourceDate "2019.10.17"]
[SourceVersion "1"]
[SourceVersionDate "2019.10.17"]
[SourceQuality "1"]
[WhiteTeam "Lithunia"]
[BlackTeam "Moscow"]
[WhiteTeamCountry "LTU"]
[BlackTeamCountry "URS"]

1. e4 c5 2. c3 e6 3. d4 d5 4. exd5 exd5 5. Be3 cxd4 6. Bxd4 Nc6 7. Nf3 Nxd4 8.
Qxd4 a6 9. Be2 Nf6 10. O-O Be7 11. Na3 O-O 12. Nc2 Qc7 13. Ne3 Be6 14. Qd3 Bd6
15. g3 Rad8 16. Rfe1 Bc5 17. Nd4 Ne4 18. Bf3 Qb6 19. b4 Bxd4 20. Qxd4 Qc7 21.
Bxe4 dxe4 22. Qxe4 Qxc3 23. Qxb7 Qa3 24. Qe4 Rb8 25. Nc2 Qc3 26. a3 Rfd8 27.
Rad1 Rxd1 28. Rxd1 Bb3 29. Qe7 h5 30. Rd8+ Rxd8 31. Qxd8+ Kh7 32. Ne3 Ba4 33.
Qd6 Bc6 34. Qd1 Be4 35. h4 Qxa3 36. Qe1 Qd3 37. Qf1 Qd7 38. f4 Qd2 39. Ng2 Bb7
40. Kh2 Qxb4 41. Qd3+ Qe4 0-1

[Event "URS-ch52 Final + Zonal"]
[Site "Riga"]
[Date "1985.02.03"]
[Round "9"]
[White "Balashov, Yuri S"]
[Black "Lputian, Smbat G"]
[Result "1-0"]
[WhiteElo "2495"]
[BlackElo "2530"]
[PlyCount "81"]
[EventDate "1985.01.23"]
[EventType "tourn"]
[EventRounds "19"]
[EventCountry "URS"]
[EventCategory "11"]
[SourceTitle "URS-ch"]
[Source "ChessBase"]
[SourceDate "1999.07.01"]
[SourceVersion "1"]
[SourceVersionDate "1999.07.01"]
[SourceQuality "1"]

1. e4 e6 2. d4 d5 3. Nd2 c5 4. Ngf3 Nc6 5. exd5 exd5 6. Bb5 Bd6 7. dxc5 Bxc5 8.
O-O Nge7 9. Nb3 Bd6 10. Re1 O-O 11. Bg5 Bg4 12. Bh4 h6 (12... a6 13. Be2 Re8
14. Nfd4 Bd7 15. Bg4 Ne5 16. Nf5 Bxf5 17. Bxf5 Nc4 18. Nd4 Nxb2 19. Qh5 g6 20.
Qh6 Qa5 21. Be6 {Gavela,D-Raicevic,V/JUG 1973/}) 13. Bg3 Bxg3 14. hxg3 Nf5 15.
Qd3 Bxf3 16. Qxf3 Nfd4 17. Nxd4 Nxd4 18. Qd3 Qb6 19. Ba4 Rad8 20. Rad1 Nc6 21.
Bb3 d4 22. Re4 Rd7 23. c3 Na5 24. Rxd4 Nxb3 25. Rxd7 Nc5 26. Rd6 Qxb2 27. Qc4
Ne6 28. Qb3 Qe2 29. R6d2 Qa6 30. Qb4 b6 31. a3 Qc8 32. Rd7 Qa8 33. Qe7 Qc6 34.
Rxa7 Qxc3 35. Qb4 Qc6 36. Ra6 Qc2 37. Qb1 Qc3 38. Qxb6 Nc5 39. Ra7 Re8 40. Qb4
Qc2 41. Qd2 1-0

[Event "Jurmala"]
[Site "Jurmala"]
[Date "1985.09.03"]
[Round "5"]
[White "Inkiov, Ventzislav"]
[Black "Balashov, Yuri S"]
[Result "0-1"]
[WhiteElo "2480"]
[BlackElo "2495"]
[PlyCount "58"]
[EventDate "1985.08.29"]
[EventType "tourn"]
[EventRounds "13"]
[EventCountry "URS"]
[EventCategory "9"]
[SourceTitle "MCD"]
[Source "ChessBase"]
[SourceDate "1999.07.01"]
[SourceVersion "1"]
[SourceVersionDate "1999.07.01"]
[SourceQuality "1"]

1. d4 Nf6 2. c4 e6 3. Nf3 a6 4. Nc3 c5 5. e3 b6 6. Be2 d6 7. O-O Nbd7 8. b3 Be7
9. Bb2 O-O 10. d5 e5 11. e4 g6 12. Ne1 Ne8 13. Nd3 f5 14. f4 Ng7 15. g4 exf4
16. Nxf4 Ne5 17. gxf5 gxf5 18. Kh1 Ra7 19. Bd3 Bf6 20. Bc2 Ng4 21. Qd2 Be5 22.
exf5 Qh4 23. Rf3 Bxf5 24. Bxf5 Rxf5 25. Raf1 Nh5 26. Nxh5 Rxf3 27. Rxf3 Nxh2
28. Qg2+ Rg7 29. Qh3 Nxf3 0-1

[Event "Jurmala"]
[Site "Jurmala"]
[Date "1985.09.11"]
[Round "11"]
[White "Vitolinsh, Alvis"]
[Black "Balashov, Yuri S"]
[Result "0-1"]
[WhiteElo "2410"]
[BlackElo "2495"]
[PlyCount "136"]
[EventDate "1985.08.29"]
[EventType "tourn"]
[EventRounds "13"]
[EventCountry "URS"]
[EventCategory "9"]
[SourceTitle "MCD"]
[Source "ChessBase"]
[SourceDate "1999.07.01"]
[SourceVersion "1"]
[SourceVersionDate "1999.07.01"]
[SourceQuality "1"]

1. e4 c5 2. Nf3 e6 3. d4 cxd4 4. Nxd4 Nc6 5. Be3 Nf6 6. Nd2 Be7 7. f4 O-O 8.
Qf3 d6 9. Nxc6 bxc6 10. O-O-O Qa5 11. Kb1 Rb8 12. Bd3 Ba6 13. Nb3 Qa4 14. Qe2
Bxd3 15. cxd3 c5 16. Rc1 Qb5 17. Qc2 a5 18. Qc4 a4 19. Qxb5 Rxb5 20. Nd2 Rfb8
21. Rc2 d5 22. Rhc1 Nd7 23. Ka1 f5 24. e5 Kf7 25. Nb1 h6 26. Nc3 Rb4 27. Ne2 g5
28. Bd2 R4b7 29. Rf1 gxf4 30. Bxf4 Kg6 31. h3 Bg5 32. g3 Rb6 33. d4 c4 34. Nc3
Ra6 35. a3 Rf8 36. Rg2 h5 37. Ne2 Rb6 38. Rh1 Rf7 39. Nc3 Ra6 40. Rf1 Nb8 41.
Bxg5 Kxg5 42. g4 hxg4 43. Ne2 Rg7 44. hxg4 fxg4 45. Rf4 Kh4 46. Rf6 Nd7 47.
Rh6+ Kg5 48. Rgh2 Kf5 49. Ng3+ Kg5 50. Rh8 Rb6 51. Nh5 Rg6 52. Ng3 Rb3 53. Ne2
Kf5 54. R8h7 Nb8 55. Nc3 g3 56. Rf7+ Kg4 57. Rd2 Nc6 58. Ka2 Rh6 59. Rg2 Kh3
60. Rd2 Rh4 61. Ne2 Rd3 62. Ng1+ Kg4 63. Rg7+ Kf4 64. Rf7+ Ke4 65. Re2+ Re3 66.
Rxe3+ Kxe3 67. Rf3+ Ke4 68. Rxg3 Nxd4 0-1

[Event "Christmas Congress 1985/86-61 Premier"]
[Site "Hastings"]
[Date "1986.01.01"]
[Round "5"]
[White "Balashov, Yuri S"]
[Black "Rukavina, Josip"]
[Result "1-0"]
[WhiteElo "2515"]
[BlackElo "2475"]
[Annotator "ChessBase"]
[PlyCount "113"]
[EventDate "1985.12.28"]
[EventType "tourn"]
[EventRounds "13"]
[EventCountry "ENG"]
[EventCategory "9"]
[SourceTitle "EXT 1999"]
[Source "ChessBase"]
[SourceDate "1998.11.16"]
[SourceVersion "1"]
[SourceVersionDate "1998.11.16"]
[SourceQuality "1"]

1. e4 e5 2. Bc4 Nf6 3. d3 Nc6 4. Nc3 Na5 5. Nge2 Be7 6. Ng3 d6 7. O-O O-O 8. h3
c6 9. Bb3 (9. Qf3 Nxc4 10. dxc4 Be6 11. b3 d5 12. cxd5 cxd5 13. exd5 Bxd5 14.
Nxd5 Qxd5 15. Nf5 Rfe8 16. Nxe7+ Rxe7 17. Qxd5 Nxd5 $11) (9. a3 Nxc4 10. dxc4
Be6 11. Qe2 Qc7 $11) 9... Nxb3 10. axb3 Be6 11. f4 exf4 12. Bxf4 d5 13. Qf3 Qd7
14. Kh2 Kh8 15. Be5 dxe4 16. dxe4 b6 17. Rad1 Qb7 18. Nce2 Rad8 19. Nd4 c5 20.
Ndf5 Rxd1 21. Rxd1 Bxf5 22. Nxf5 {[#]} Re8 (22... Rd8 23. Qg3 Rg8 24. Qg5 a5
25. Rd3 $18 Qxe4 26. Nxe7) (22... Bd8 23. Rxd8 Rxd8 24. Nxg7 $18) 23. Kg1 $5 (
23. Nxg7 Kxg7 24. Qf4 (24. Rd6 Qxe4 $11) 24... Qc6 25. Rd6 Qxe4 26. Bxf6+ Bxf6
27. Qxf6+ Kf8 28. Rd7 Qe5+ $11) (23. Qf4 h6 24. Rd3 Qxe4 25. Qxe4 Nxe4 26. Nxg7
Ra8 27. Nf5+ Bf6 28. Bxf6+ Nxf6 29. Nxh6 $16) (23. Rd3 h6 24. Qg3 Rg8 25. Qh4
Re8 26. Qf4 Qxe4 27. Qxe4 Nxe4 28. Nxg7 Ra8 29. Nf5+ Bf6 30. Bxf6+ Nxf6 31.
Nxh6 Kg7 32. Nf5+ Kg6 33. Ne7+ Kh7 34. Kg3 $16) 23... Bf8 {[#]} 24. Nxg7 (24.
Bxf6 gxf6 25. Rd5 $1 $16 (25. Qc3 Qxe4 26. Qxf6+ Kg8 27. Rd3 Qe1+ 28. Kh2 Re6
29. Qg5+ Rg6 30. Qf4 Re6 $11) 25... Qc6 26. Qh5 Qe6 27. Rd3 c4 28. Rg3 Bc5+ 29.
Kh2 Rg8 30. Rxg8+ Kxg8 31. Qg4+ Kf8 32. Qf4 $16 Qe5 33. Qxe5 fxe5 34. bxc4 $16)
24... Rxe5 25. Qxf6 $16 Qe7 26. Qxe7 Bxe7 27. Nf5 Rxe4 28. Rd7 Bf8 29. Rxf7 Kg8
30. Rxa7 Re1+ 31. Kf2 Rc1 32. Ne3 Bh6 33. c3 Bxe3+ 34. Kxe3 Rc2 35. Rb7 {[#]}
Rxg2 $2 (35... Rxb2 36. Rxb6 $16) 36. Rxb6 $18 Rg3+ 37. Kf4 Rxh3 38. Rb5 Kf7
39. Rxc5 Ke6 40. b4 Kd6 41. Kg4 Rh2 42. Rh5 Rxb2 43. Rh6+ Kd5 44. Rxh7 Rf2 45.
Rc7 Kd6 46. Rc5 Rf1 47. c4 Rb1 48. Rd5+ Kc7 49. b5 Rf1 50. Rf5 Rc1 51. Rc5+ Kd6
52. Rc6+ Kd7 53. Kf5 Re1 54. c5 Rb1 55. Rd6+ Kc7 56. b6+ Kb7 57. Rd7+ 1-0

[Event "URS-ch53"]
[Site "Kiev"]
[Date "1986.??.??"]
[Round "?"]
[White "Smagin, Sergey"]
[Black "Balashov, Yuri S"]
[Result "0-1"]
[WhiteElo "2500"]
[BlackElo "2515"]
[PlyCount "80"]
[EventDate "1986.04.??"]
[EventType "tourn"]
[EventRounds "17"]
[EventCountry "URS"]
[EventCategory "10"]
[SourceTitle "URS-ch"]
[Source "ChessBase"]
[SourceDate "1999.07.01"]
[SourceVersion "1"]
[SourceVersionDate "1999.07.01"]
[SourceQuality "1"]

1. e4 e6 2. d4 d5 3. Nd2 c5 4. Ngf3 Nc6 5. exd5 exd5 6. Bb5 Bd6 7. dxc5 Bxc5 8.
O-O Nge7 9. Nb3 Bd6 10. Bxc6+ bxc6 11. Qd4 O-O 12. Bf4 Nf5 13. Qa4 a5 14. Rfe1
Be6 15. Ng5 c5 16. Bxd6 Qxd6 17. c4 Qf4 18. Nxe6 fxe6 19. Qc6 Nd4 20. Nxd4
Qxf2+ 21. Kh1 cxd4 22. Qxe6+ Kh8 23. cxd5 d3 24. Qe3 d2 25. Qxf2 Rxf2 26. Red1
Re8 27. d6 Rfe2 28. Kg1 Re1+ 29. Kf2 Rf8+ 30. Kg3 Re3+ 31. Kg4 Rd3 32. g3 Rf2
33. Kh3 h5 34. b4 axb4 35. Rab1 Rxd6 36. Rxb4 Rd5 37. Rb3 g5 38. g4 h4 39. a4
Re5 40. Rb8+ Kg7 0-1

[Event "Yerevan Petrosian Memorial"]
[Site "Yerevan"]
[Date "1986.??.??"]
[Round "?"]
[White "Balashov, Yuri S"]
[Black "Petrosian, Arshak B"]
[Result "1-0"]
[WhiteElo "2515"]
[BlackElo "2495"]
[PlyCount "79"]
[EventDate "1986.05.15"]
[EventType "tourn"]
[EventRounds "15"]
[EventCountry "URS"]
[SourceTitle "EXT 1999"]
[Source "ChessBase"]
[SourceDate "1998.11.16"]
[SourceVersion "1"]
[SourceVersionDate "1998.11.16"]
[SourceQuality "1"]

1. d4 d5 2. c4 e6 3. Nf3 Nf6 4. g3 dxc4 5. Bg2 c5 6. O-O cxd4 7. Qxd4 Qxd4 8.
Nxd4 a6 9. Nd2 Bc5 10. Nc2 c3 11. bxc3 Nbd7 12. Nb3 Be7 13. Rb1 Nd5 14. Bd2 b5
15. Nb4 N7b6 16. Na5 Bd7 17. Nxd5 Nxd5 18. c4 bxc4 19. Nxc4 Bb5 20. Rfc1 O-O
21. a4 Bxc4 22. Rxc4 Rac8 23. Rbc1 Nb6 24. Rc7 Ba3 25. Rxc8 Rxc8 26. Rxc8+ Nxc8
27. Bb7 Nb6 28. a5 Nd5 29. Bxa6 Bc5 30. Bb7 Nc7 31. a6 Kf8 32. Ba5 Nb5 33. Bc6
Na7 34. Ba4 Ke7 35. e3 Kd6 36. Kf1 Nc6 37. Bc3 g6 38. Ke2 Kc7 39. Kd3 Nb4+ 40.
Kc4 1-0

[Event "URS-ch FL54"]
[Site "Irkutsk"]
[Date "1986.??.??"]
[Round "?"]
[White "Balashov, Yuri S"]
[Black "Aseev, Konstantin N"]
[Result "1-0"]
[WhiteElo "2530"]
[BlackElo "2440"]
[PlyCount "69"]
[EventDate "1986.10.??"]
[EventType "tourn"]
[EventRounds "17"]
[EventCountry "URS"]
[EventCategory "10"]
[SourceTitle "TD"]
[Source "ChessBase"]
[SourceDate "1994.03.01"]
[SourceVersion "1"]
[SourceVersionDate "1994.03.01"]
[SourceQuality "1"]

1. e4 e5 2. Nf3 Nc6 3. Bb5 a6 4. Ba4 Nf6 5. O-O Be7 6. Re1 b5 7. Bb3 d6 8. c3
O-O 9. h3 Re8 10. d4 Bb7 11. Nbd2 Bf8 12. Bc2 g6 13. d5 Nb8 14. b3 Bh6 15. a4
c6 16. c4 bxa4 17. b4 a5 18. b5 cxb5 19. cxb5 Nbd7 20. Ba3 Nb6 21. Bxa4 Qe7 22.
Bc2 Rec8 23. Bd3 Nfd7 24. Qe2 Qf8 25. Rec1 f5 26. Rc6 Bxc6 27. dxc6 Nf6 28. Nc4
Nxc4 29. Bxc4+ Kg7 30. Nxe5 Qe7 31. Nf7 Bf4 32. g3 Qxe4 33. Qxe4 fxe4 34. gxf4
d5 35. Nd6 1-0

[Event "Minsk"]
[Site "Minsk"]
[Date "1986.??.??"]
[Round "?"]
[White "Balashov, Yuri S"]
[Black "Dydyshko, Viacheslav"]
[Result "1-0"]
[WhiteElo "2530"]
[BlackElo "2485"]
[PlyCount "67"]
[EventDate "1986.12.??"]
[EventType "tourn"]
[EventRounds "11"]
[EventCountry "URS"]
[EventCategory "9"]
[SourceTitle "EXT 1997"]
[Source "ChessBase"]
[SourceDate "1996.11.15"]
[SourceVersion "1"]
[SourceVersionDate "1996.11.15"]
[SourceQuality "1"]

1. e4 c5 2. Nf3 d6 3. Nc3 Nf6 4. d4 cxd4 5. Nxd4 a6 6. f4 Nbd7 7. a4 b6 8. Be2
Bb7 9. Bf3 e5 10. Nf5 Qc7 11. O-O g6 12. fxe5 dxe5 13. Nh6 Bb4 14. Bg5 Rf8 15.
Qe1 Qc6 16. Qh4 Bxc3 17. bxc3 O-O-O 18. Ng4 Nxg4 19. Bxg4 f5 20. Bxd8 Rxd8 21.
Bf3 Qxc3 22. Rad1 h5 23. exf5 e4 24. Be2 Qc5+ 25. Qf2 e3 26. Qf4 Rf8 27. Qd4
Qxd4 28. Rxd4 gxf5 29. Bxh5 Ne5 30. g3 Kc7 31. Re1 Rh8 32. Rxe3 Nc6 33. Rh4 Rd8
34. Bf3 1-0

[Event "Minsk"]
[Site "Minsk"]
[Date "1986.??.??"]
[Round "?"]
[White "Balashov, Yuri S"]
[Black "Gross, Stefan"]
[Result "1-0"]
[WhiteElo "2530"]
[BlackElo "2410"]
[PlyCount "73"]
[EventDate "1986.12.??"]
[EventType "tourn"]
[EventRounds "11"]
[EventCountry "URS"]
[EventCategory "9"]
[SourceTitle "EXT 1997"]
[Source "ChessBase"]
[SourceDate "1996.11.15"]
[SourceVersion "1"]
[SourceVersionDate "1996.11.15"]
[SourceQuality "1"]

1. d4 Nf6 2. c4 c5 3. d5 g6 4. Nc3 Bg7 5. Nf3 d6 6. Bg5 h6 7. Bh4 O-O 8. e3 e5
9. Nd2 Qd7 10. Be2 Ne8 11. g4 Na6 12. Rg1 Nac7 13. Nde4 Kh8 14. Qc2 Rb8 15. f3
a6 16. a4 f5 17. gxf5 Qxf5 18. O-O-O g5 19. Bg3 b5 20. h4 gxh4 21. Bxh4 Rf7 22.
Rdf1 bxc4 23. Bxc4 Rb4 24. b3 Qh5 25. Be1 Rxf3 26. Ng3 Qf7 27. Nce4 Rb8 28. Ng5
hxg5 29. Rh1+ Kg8 30. Qh7+ Kf8 31. Rxf3 Qxf3 32. Rf1 Qxf1 33. Nxf1 Nf6 34. Qg6
Bd7 35. Ng3 Ncxd5 36. Bxd5 Nxd5 37. Qxd6+ 1-0

[Event "Minsk"]
[Site "Minsk"]
[Date "1986.??.??"]
[Round "?"]
[White "Balashov, Yuri S"]
[Black "Gunawan, Ronny"]
[Result "1-0"]
[WhiteElo "2530"]
[BlackElo "2440"]
[PlyCount "75"]
[EventDate "1986.12.??"]
[EventType "tourn"]
[EventRounds "11"]
[EventCountry "URS"]
[EventCategory "9"]
[SourceTitle "EXT 1997"]
[Source "ChessBase"]
[SourceDate "1996.11.15"]
[SourceVersion "1"]
[SourceVersionDate "1996.11.15"]
[SourceQuality "1"]

1. e4 e6 2. d4 d5 3. Nc3 Bb4 4. e5 c5 5. a3 Bxc3+ 6. bxc3 Ne7 7. Qg4 O-O 8. Nf3
Nbc6 9. Bd3 f5 10. exf6 Rxf6 11. Bg5 Rf7 12. Qh4 h6 13. Bxe7 Rxe7 14. O-O c4
15. Bg6 Bd7 16. Rfe1 Be8 17. Bxe8 Qxe8 18. Ne5 Nxe5 19. Rxe5 Qd7 20. Rae1 Rae8
21. f4 Qa4 22. f5 Qxc2 23. Qg3 Rf8 24. fxe6 Rf6 25. h3 Qb3 26. Rxd5 Rfxe6 27.
Rd8+ Kh7 28. Rf1 Re8 29. Rxe8 Rxe8 30. Rf7 Qb1+ 31. Kh2 Qg6 32. Rxb7 Qxg3+ 33.
Kxg3 Re3+ 34. Kf4 Rxc3 35. Rxa7 Kg6 36. Ra6+ Kf7 37. a4 Rc1 38. Ke5 1-0

[Event "Minsk"]
[Site "Minsk"]
[Date "1986.??.??"]
[Round "?"]
[White "Balashov, Yuri S"]
[Black "Kosten, Anthony C"]
[Result "1-0"]
[WhiteElo "2530"]
[BlackElo "2405"]
[PlyCount "51"]
[EventDate "1986.12.??"]
[EventType "tourn"]
[EventRounds "11"]
[EventCountry "URS"]
[EventCategory "9"]
[SourceTitle "EXT 1997"]
[Source "ChessBase"]
[SourceDate "1996.11.15"]
[SourceVersion "1"]
[SourceVersionDate "1996.11.15"]
[SourceQuality "1"]

1. e4 e6 2. d4 d5 3. Nc3 Bb4 4. e5 c5 5. a3 Bxc3+ 6. bxc3 Ne7 7. Qg4 Qc7 8.
Qxg7 Rg8 9. Qxh7 cxd4 10. Ne2 Nbc6 11. f4 Bd7 12. Qd3 dxc3 13. Qxc3 Nf5 14. Rb1
d4 15. Qd3 O-O-O 16. Rg1 f6 17. g4 Nh6 18. exf6 Rxg4 19. Rxg4 Nxg4 20. f7 e5
21. Bg2 Be6 22. h3 Nf6 23. fxe5 Nxe5 24. Qxd4 Bd5 25. Bxd5 Qa5+ 26. Qc3+ 1-0